| 000 | 00444nam a2200157 i 4500 | ||
|---|---|---|---|
| 001 | 74934 | ||
| 003 | ES-MaACL | ||
| 005 | 20230906172306.0 | ||
| 007 | t| | ||
| 008 | 040921s1971 sp ||||1| spa d | ||
| 100 | 1 |
_aGonzález del Valle, Máximo. _958595 |
|
| 245 | 1 | 0 |
_aCuentos amarillos / _cMáximo González del Valle. |
| 260 |
_a[Palencia : _bs.n.], _c1971 ( _fMerino) |
||
| 300 |
_a204 p. ; _c21 cm. |
||
| 852 |
_aES-MaACL _jC-38998 _bR.77593 |
||
| 999 |
_c74934 _d74934 |
||